| 000 | 00000cam 2200000zi 4500 |
| 001 | 9.919929 |
| 003 | CaOODSP |
| 005 | 20260505174420 |
| 006 | m o d f |
| 007 | cr ||||||||||| |
| 008 | 230208t20232023onc o f000 0 crk d |
| 020 | |a9780660475097 |
| 040 | |aCaOODSP|beng|erda|cCaOODSP |
| 043 | |an-cn--- |
| 086 | 1 |aPS4-69/2023Crk-PDF |
| 245 | 00|aKa-Pacitotâcik Ôki : |bKa-Pimikiskiyihtakik |
| 250 | |a[Plains Cree edition]. |
| 264 | 1|a[Ottawa] : |bPublic Safety Canada = Sécurité publique Canada, |c2023. |
| 264 | 4|c©2023 |
| 300 | |a1 online resource (27 pages) |
| 336 | |atext|btxt|2rdacontent |
| 337 | |acomputer|bc|2rdamedia |
| 338 | |aonline resource|bcr|2rdacarrier |
| 500 | |aIssued also in English under title: Victims of crime : staying informed. |
| 546 | |aText in Plains Cree. |
| 650 | 0|aVictims of crimes|xLegal status, laws, etc.|zCanada. |
| 650 | 0|aVictims of crimes|xCivil rights|zCanada. |
| 650 | 0|aVictims of crimes|xServices for|zCanada. |
| 710 | 1 |aCanada. |bPublic Safety Canada, |eissuing body. |
| 775 | 08|tVictims of crime : |w(CaOODSP)9.919908 |
| 776 | 0#|t[Victims of crime : |w(CaOODSP)9.919931 |
| 792 | |tKa-Pacitotâcik Ôki : |efre|w(CaOODSP)9.919930 |
| 794 | |tKa-Pacitotâcik Ôki : |w(CaOODSP)9.962593 |
| 856 | 40|qPDF|s289 KB|uhttps://publications.gc.ca/collections/collection_2024/sp-ps/PS4-69-2023-cre.pdf |